Analysing Cross-currency Basis Spreads
Faktory ktoré ovplyvňujú výšku menových bazických prirážok, ktoré boli historicky blízké nule, ale od začiatku finančnej krízy sa významne rozšírili. Medzi často uvádzané vysvetlenia patrí zvýšené kreditné a likviditné riziko alebo zmeny v ponuke a dopytu po likvidite v rôznych menách. Menové bazick...
Salvato in:
| Autore principale: | |
|---|---|
| Altri autori: | |
| Natura: | Capitolo di libro |
| Lingua: | inglese |
| Soggetti: | |
| Tags: |
Nessun Tag, puoi essere il primo ad aggiungerne!!
|
MARC
| LEADER | 00000naa a2200000 4500 | ||
|---|---|---|---|
| 001 | 0249466 | ||
| 005 | 20221104111300.1 | ||
| 041 | 0 | |a eng | |
| 044 | |a SK | ||
| 245 | 1 | 0 | |a Analysing Cross-currency Basis Spreads |c Jaroslav Baran, Jiří Witzany |
| 520 | |a Faktory ktoré ovplyvňujú výšku menových bazických prirážok, ktoré boli historicky blízké nule, ale od začiatku finančnej krízy sa významne rozšírili. Medzi často uvádzané vysvetlenia patrí zvýšené kreditné a likviditné riziko alebo zmeny v ponuke a dopytu po likvidite v rôznych menách. Menové bazické prirážky sa ale zrejme môžu zvýšiť aj nad úroveň vysvetliteľnou týmito faktormi. Návrh možných trhových premenných objasňujúcich zmeny EUR/USD bázických prirážok a prostredníctvom vhodných regresných a kointegračných modelov, analýza ich významnosti v troch nedávných kľúčových obdobiach vývoja na finančných trhoch. | ||
| 610 | 2 | 0 | |a modely regresné |
| 610 | 2 | 0 | |a euro |
| 610 | 2 | 0 | |a dolár |
| 610 | 2 | 0 | |a trh finančný |
| 610 | 2 | 0 | |a kríza finančná |
| 610 | 2 | 0 | |a politika menová |
| 100 | 1 | |a Baran, Jaroslav | |
| 700 | 1 | |a Witzany, Jiří | |